| 000 | 00468cam a2200193ua 4500 | ||
|---|---|---|---|
| 001 | 7905 | ||
| 008 | 141230n ii |||gr||||Z||||||hin | ||
| 020 | _a9788170286448 | ||
| 040 | _cMAIN | ||
| 041 | _ahin | ||
| 082 | _a100 | ||
| 100 |
_aHardayal, L., _eAuthor. |
||
| 245 | 1 |
_aAapaka vyaktitva : _bVikas ke sutra / _cBy Lala Hardayal . |
|
| 250 | _a1st. | ||
| 260 |
_aDelhi: _bRajpal, _c2008. |
||
| 300 | _a178p. | ||
| 653 | _aPhilosophy & psychology | ||
| 942 | _cBK | ||
| 999 |
_c7025 _d7025 |
||